000 01143nas a2200313 4500
001 BR2012005972
003 BR-BrBNA
005 20231205120946.0
007 ta
008 230509b bl.|||p| |||| 00| 00por d
040 _aBR-BrBNA
_bpor
_cBiblioteca Nacional de Agricultura
041 _a(Pt)
072 _aH10
100 1 _aSalgado-Neto, G.
100 1 _aMare, R.A.D.
100 1 _aLopes-da-Silva, M.
245 1 _aParasitismo de pupas de Argon lota Hewitson (Lepidoptera: Hesperiidae)por Brachymeria pandora (Crawford)(Hymenoptera: Chalcididae)no Rio Grande do Sul
246 1 _aParasitism of Argon lota Hewitson (Lepidoptera: Hesperiidae)by Brachymeria pandora (Crawford)(Hymenoptera: Chalcididae)in Rio Grande do Sul, Brazil
650 _aINSETO
650 _aPRAGA DE PLANTA
650 _aLEPIDOPTERO
650 _aPARASITO
650 _aCONTROLE BIOLÓGICO
650 _aHIMENOPTERO
650 _aINSETO PARA CONTROLE BIOLÓGICO
773 0 _tNeotropical Entomology (Brazil)
_xISSN 1519-566X
_g(Mar-Apr 2010), v. 39(2) p. 311-312
_wBR2012005972
909 _a202311
_bLúcia
_c55
_dLúcia Elande
942 _2AGRIS
_n0
_cANA
999 _c221184
_d221184